000 00358nam a2200133Ia 4500
008 240624s9999 xx 000 0 und d
041 _aeng
082 _a658.8 DAH
100 _aDAHLSTROM ROBERT
245 _aGREEN MARKETING MANAGEMENT
260 _c2011
_aAustralia
_bSouth-Western Cengage Learning
300 _axvi, : 334 : p. : cm. ; 25
365 _c
_b25
999 _c16736
_d16736